Introducción a la psicología /

Guardado en:
Autor Principal: Gemelli, O. F. M.
Otros Autores: Zunini, G.
Formato: Libro
Idioma:Spanish
Publicado: Barcelona : Luis Miracle, 1958
Edición:3º ed.
Etiquetas: Agregar Etiqueta
Sin Etiquetas, Sea el primero en etiquetar este registro!
LEADER 00426nam a22001455a 4500
001 DER.der001611
005 20170322000000.0
008 180615s1958####||||||||||||||||||||spa||
100 1 |a Gemelli, O. F. M. 
245 1 0 |a Introducción a la psicología /  |c O. F. M. Gemelli , G. Zunini 
250 |a 3º ed. 
260 |a Barcelona :  |b Luis Miracle,  |c 1958 
300 0 |a 552 p. 
700 1 |a Zunini, G. 
859 |a DERECHO  |b BIB. DERECHO  |h 150  |i GEM  |p 003676